000 00607nam a22001937a 4500
999 _c372086
_d372086
008 201127b ||||| |||| 00| 0 eng d
040 _aDE-2950
_bger
_cDE-2950
_erda
041 _ager
245 _aCash-Point der Sparkasse in West in Betrieb
_cred
264 _c2022
653 _aFrankfurt (Oder)
653 _aSparkasse
653 _aCash-Pont
773 _dFrankfurt (Oder) Märkisches Verlags- und Druckhaus GmbH & Co KG
_tMärkische Oderzeitung
_g34. Jahrgang (2023) Nr. 2 vom 03.01.2023, S. 15, mit Foto
942 _cA